000 00568nam a2200193 i 4500
001 77831
003 ES-MaACL
005 20250822035136.0
007 t|
008 041111q1929 sp ||||1| spa d
080 _a159.922.1
100 1 _aSaldaña, Quintiliano,
_d1878-1938
_9101861
245 1 0 _aSiete ensayos sobre sociología sexual /
_cQuintiliano Saldaña.
260 _a[Madrid] :
_bMundo Latino,
_c[1929?]
300 _a291 p. ;
_c20 cm.
650 7 _aPsicología sexual
_2embne
_916572
852 _aES-MaACL
_jE-10319
_bR.133715
999 _c77831
_d77831